Research study on the effect of dispersion, settling, and resedimentation on migration of chemical constituents during open-water disposal of dredged materials : final report /

Bibliographic Details
Main Author: Chen, Kenneth Y (Author)
Corporate Authors: Environmental Effects Laboratory (U.S. Army Engineer Waterways Experiment Station), U.S. Army Engineer Waterways Experiment Station, Dredged Material Research Program (U.S.), Coastal Engineering Research Center (U.S.), United States. Army. Corps of Engineers
Other Authors: Gupta, Shailendra K., Sycip, Amancio Z., Lu, James C. S., Knezevic, Miroslav, Choi, Won-Wook
Format: Government Document Book
Language:English
Published: Vicksburg, Mississippi : U.S. Army Engineer Waterways Experiment Station, 1976.
Series:Contract report (U.S. Army Engineer Waterways Experiment Station) ; D-76-1.
Subjects:

MARC

Tag First Indicator Second Indicator Subfields
LEADER 00000cam a2200000 i 4500
001 in00004807713
008 760616s1976 msua b f000 0 eng d
005 20240807182936.3
035 |a (OCoLC)ocm02230164  
040 |a OLA  |b eng  |e rda  |c OLA  |d OCL  |d RLA  |d OCLCQ  |d OCLCO  |d OCLCF  |d TRAAL  |d OCLCO  |d GZM  |d OCLCQ  |d OCLCA  |d OCLCO  |d OCLCQ  |d OCLCL  |d OCLCQ 
035 |a (OCoLC)02230164 
050 4 |a TC7  |b .U619 no.76-1 
086 0 |a D 103.24/9: D-76-1 
049 |a MAIN 
100 1 |a Chen, Kenneth Y,  |e author 
245 1 0 |a Research study on the effect of dispersion, settling, and resedimentation on migration of chemical constituents during open-water disposal of dredged materials :  |b final report /  |c by Kenneth Y. Chen [and 5 others]. 
264 1 |a Vicksburg, Mississippi :  |b U.S. Army Engineer Waterways Experiment Station,  |c 1976. 
300 |a 221 pages :  |b illustrations, tables ;  |c 27 cm 
336 |a text  |b txt  |2 rdacontent 
337 |a unmediated  |b n  |2 rdamedia 
338 |a volume  |b nc  |2 rdacarrier 
490 1 |a Contract report ;  |v D-76-1 
500 |a Prepared for Environmental Effects Laboratory, U.S. Army Engineer Waterways Experiment Station, Vicksburg, Miss. 
500 |a "February 1976." 
500 |a "Final Report." 
583 1 |a will digitize  |c 20170816  |z Queued for digitization August 16, 2017  |2 pda  |5 miu 
504 |a Includes bibliographical references (pages 108-122). 
590 |b TAG Physical Holdings 2 
650 0 |a Dredging spoil.  |0 http://id.loc.gov/authorities/subjects/sh85039496 
650 0 |a Water quality.  |0 http://id.loc.gov/authorities/subjects/sh85145600 
650 6 |a Déblais de dragage. 
650 6 |a Eau  |x Qualité. 
650 7 |a Dredging spoil.  |2 fast  |0 (OCoLC)fst00897950 
650 7 |a Water quality.  |2 fast  |0 (OCoLC)fst01171832 
700 1 |a Gupta, Shailendra K. 
700 1 |a Sycip, Amancio Z. 
700 1 |a Lu, James C. S. 
700 1 |a Knezevic, Miroslav. 
700 1 |a Choi, Won-Wook. 
710 2 |a Environmental Effects Laboratory (U.S. Army Engineer Waterways Experiment Station)  |0 http://id.loc.gov/authorities/names/n78076133 
710 2 |a U.S. Army Engineer Waterways Experiment Station.  |0 http://id.loc.gov/authorities/names/n80157038 
710 2 |a Dredged Material Research Program (U.S.)  |0 http://id.loc.gov/authorities/names/n82159412 
710 2 |a Coastal Engineering Research Center (U.S.)  |0 http://id.loc.gov/authorities/names/n81117290 
710 1 |a United States.  |b Army.  |b Corps of Engineers. 
730 0 |a Technical Report Archive & Image Library (TRAIL) 
776 0 8 |i Online version:  |a Chen, Kenneth Y.  |t Research study on the effect of dispersion, settling, and resedimentation on migration of chemical constituents during open-water disposal of dredged materials  |w (OCoLC)1035939949 
830 0 |a Contract report (U.S. Army Engineer Waterways Experiment Station) ;  |v D-76-1.  |0 http://id.loc.gov/authorities/names/no2012122135 
994 |a 92  |b TAG 
852 |a TAG  |b TAGC  |c galv,stk  |h TC187 .D73 CR-D-76-1 1976  |t c.1 
876 |p 33620000176616  |v unmediated -- volume 
999 f f |s 044a3698-6202-4232-be35-9313f3c4e304  |i a71d2e0b-a308-4dc3-a483-7493387be390  |t 0 
952 f f |p normal  |a Texas A&M University  |b Galveston Campus  |c Jack K. Williams Library  |d Galveston Stacks  |t 0  |e TC187 .D73 CR-D-76-1 1976  |h Library of Congress classification  |i unmediated -- volume  |m 33620000176616 
998 f f |a TC187 .D73 CR-D-76-1 1976  |t 0  |l Galveston Stacks